| 000 | 00535nam a22002057a 4500 | ||
|---|---|---|---|
| 003 | OSt | ||
| 005 | 20140310182154.0 | ||
| 008 | 130107t xxu||||| |||| 00| 0 eng d | ||
| 020 | _a9780340604083 | ||
| 050 |
_aBT 102 _b.P127 1973 |
||
| 082 |
_aHS 211 _bP12 1984 |
||
| 245 |
_aKnowing God / _cJ. I. Packer. |
||
| 260 |
_aLondon : _bhodder & Stoughton, _cc1984. |
||
| 300 |
_a351 p. : _c18 cm. |
||
| 541 | _j1 | ||
| 562 | _e1 | ||
| 650 |
_aGod. _xconcepts. _915900 |
||
| 650 |
_aAntromorphism _915901 |
||
| 942 |
_2lcc _cHS |
||
| 999 |
_c10065 _d10065 |
||